Statistics for Official languages in Namibia

Click here to take the quiz!

General Stats

  • This quiz has been taken 31 times
  • The average score is 2 of 12

Answer Stats

HintAnswer% Correct
1Afrikaans
85%
2German
81%
10Setswana
12%
7Otjiherero
4%
11Silozi
4%
3Ju'hoansi
0%
4Khoekhoegowab
0%
5Oshikwanyama
0%
6Oshindonga
0%
8Rukwangali
0%
9Rumanyo
0%
12Thimbukushu
0%

Score Distribution

Percentile by Number Answered

Percent of People with Each Score

Your Score History

You have not taken this quiz